Las Tarifas de la energía eléctrica
Guardado en:
| Formato: | Texto |
|---|---|
| Materias: | |
| Etiquetas: |
Agregar Etiqueta
Sin Etiquetas, Sea el primero en etiquetar este registro!
|
MARC
| LEADER | 00000 a a2200000 04500 | ||
|---|---|---|---|
| 001 | 6389 | ||
| 003 | |||
| 040 | |||
| 245 | |a Las Tarifas de la energía eléctrica | ||
| 650 | |a SERVICIOS PUBLICOS | ||
| 650 | |a ENERGIA ELECTRICA | ||
| 773 | |g volumen 21, número 915; páginas 7-9 | ||
| 999 | |c 26294 |d 26294 | ||
